| 000 | 00426nam a2200181Ia 4500 | ||
|---|---|---|---|
| 003 | 0100 | ||
| 008 | 130303s9999 xx 000 0 und d | ||
| 040 | _cARRUPELIB | ||
| 050 | _aQC21.2.M57 1994 | ||
| 100 | _aMills, Robert | ||
| 245 | _aSpace, Time and Quanta | ||
| 245 | _bAn Introduction to Contemporary Physics | ||
| 260 | _aNY | ||
| 260 | _bW.H. Freeman Company | ||
| 260 | _C1994 | ||
| 300 | _a482p | ||
| 942 | 0 | 0 | _01 |
| 999 |
_c18825 _d18825 |
||